Central Library OPAC University of Rajshahi

King Henry the Eighth / (Record no. 35626)

MARC details
000 -LEADER
fixed length control field 00959nam a2200301 a 4500
001 - CONTROL NUMBER
control field 35626
003 - CONTROL NUMBER IDENTIFIER
rucl marc code BD-RjUL
005 - DATE AND TIME OF LATEST TRANSACTION
control field 20211209052344.0
008 - FIXED-LENGTH DATA ELEMENTS--GENERAL INFORMATION
fixed length control field 140228s1962 enk b 000 0 eng d
035 ## - SYSTEM CONTROL NUMBER
System control number (OCoLC)1382301
-- (BD-RjUL)35721
040 ## - CATALOGING SOURCE
Original cataloging agency ORL
Modifying agency m.c
-- OCL
-- WRS
Transcribing agency DLC
Modifying agency BD-RjUL
Language of cataloging eng
041 ## - LANGUAGE CODE
Language code of text/sound track or separate title eng
082 00 - DEWEY DECIMAL CLASSIFICATION NUMBER
Classification number 822.33
Author mark and year SHK 1962
100 1# - MAIN ENTRY--PERSONAL NAME
Personal name Shakespeare, William,
Dates associated with a name 1564-1616.
9 (RLIN) 57125
245 10 - TITLE STATEMENT
Title King Henry the Eighth /
Statement of responsibility, etc. edited by G E Hollingworth.
246 ## - VARYING FORM OF TITLE
Title proper/short title King Henry VIII
260 ## - PUBLICATION, DISTRIBUTION, ETC. (IMPRINT)
Place of publication, distribution, etc. London :
Name of publisher, distributor, etc. University Tutorial Press,
Date of publication, distribution, etc. 1962.
300 ## - PHYSICAL DESCRIPTION
Pagination xxxi, 154 p. ;
Size 18 cm.
490 1# - SERIES STATEMENT
Series statement The Tutorial Shakespeare
504 ## - BIBLIOGRAPHY, ETC. NOTE
Bibliography, etc Includes bibliographical references.
650 ## - SUBJECT ADDED ENTRY--TOPICAL TERM
Topical term or geographic name as entry element Henry VIII, King of England, 1491-1547 Drama
9 (RLIN) 57126
700 1# - ADDED ENTRY--PERSONAL NAME
Personal name Hollingworth, G. E.
830 ## - SERIES ADDED ENTRY--UNIFORM TITLE
Uniform title The Tutorial Shakespeare
942 ## - ADDED ENTRY ELEMENTS (KOHA)
Source of classification or shelving scheme Dewey Decimal Classification
Koha item type Books
Holdings
Lost status Source of classification or shelving scheme Damaged status Not for loan Collection code Permanent Location Current Location Shelving location Date acquired Total Checkouts Full call number Date last seen Copy number Koha item type
  Dewey Decimal Classification   Not For Loan Fiction Central Library, University of Rajshahi Central Library, University of Rajshahi Reading Room 28/05/2014   822.33 SHK 1962 28/05/2014 C-1 Books